000 00426nam a2200157Ia 4500
003 GCL
008 140319s9999 xx 000 0 ara d
040 _aGCL /
_cGCL
082 0 4 _a819.9
_bع ب
100 1 _aعباس محمود العقاد
245 1 0 _aبعد الاعاصير /
_cعباس محمود العقاد
490 _aكتاب
_v0
650 0 4 _aالادب العربى
650 0 4 _aالادب
942 _2ddc
_cBK
999 _c41829
_d41829